000 00445nam a2200193Ia 4500
005 20240823022736.0
008 240823s9999||||xx |||||||||||||| ||und||
020 _a0-7452-2213-X
041 _aENGLISH
082 _A158 P0
100 _a"Croce,Pat"
245 0 _aI Feel Great and You Will Too
250 _a1st
260 _c2000
_b"Simon and Schuster,New"
500 _aYES
650 _aGEN
_bGeneral
942 _cBK
999 _c179892
_d179892